| 000 | 00570nam a22001811a 4500 | ||
|---|---|---|---|
| 001 | 10219 | ||
| 003 | OSt | ||
| 005 | 20260204212151.0 | ||
| 008 | 080705s2002||||dr ||||||b||||||||||spa|| | ||
| 050 | _aRD 011 S13b | ||
| 110 | _aSociedad Dominicana de Bibliófilos | ||
| 245 | _aBoletín de adquisiciones mayo 2000 - Diciembre 2001 / Sociedad Dominicana de Bibliófilos | ||
| 264 | _aSanto Domingo : Corripio | ||
| 300 | _a81 p | ||
| 650 | _aBibliografías | ||
| 700 | _aSociedad Dominicana de Bibliófilos 2.Biblioteca Enrique Apolinar Henríque.Ì | ||
| 942 |
_2ddc _cBK |
||
| 999 |
_c10219 _d10219 |
||